e-Synergy - nástroj pro podporu procesního řízení

Zákaznícky portál a kontaktné centrum. Servis a súvisiace procesné požiadavky. Objednávka ND. Žiadanka na sklad. Pôžička. Zvážanie a rozvážanie. Servisný reporting. Obchodné činnosti. Obchodná ponuka. Inštalácia zariadenia. Projekty. Monitorovanie a vyhodnotenie procesov.

Salvato in:
Dettagli Bibliografici
Autore principale: Dolanský, Daniel
Natura: Capitolo di libro
Lingua:ceco
Soggetti:
Tags: Aggiungi Tag
Nessun Tag, puoi essere il primo ad aggiungerne!!

MARC

LEADER 00000naa$a2200000$$$4500
001 0039436
005 20230524132213.6
041 0 |a cze 
044 |a CZ 
245 1 0 |a e-Synergy - nástroj pro podporu procesního řízení  |c Daniel Dolanský 
520 |a Zákaznícky portál a kontaktné centrum. Servis a súvisiace procesné požiadavky. Objednávka ND. Žiadanka na sklad. Pôžička. Zvážanie a rozvážanie. Servisný reporting. Obchodné činnosti. Obchodná ponuka. Inštalácia zariadenia. Projekty. Monitorovanie a vyhodnotenie procesov. 
610 2 0 |a synergia 
610 2 0 |a riadenie procesné 
610 2 0 |a obchod 
610 2 0 |a servis 
610 2 0 |a zákazníci 
610 2 0 |a objednávky 
610 2 0 |a pôžičky 
610 2 0 |a reporting 
610 2 0 |a ponuka 
610 2 0 |a projekty 
100 1 |a Dolanský, Daniel